000 00203 a2200097 4500
001 38310
100 _aRobson Mike
245 _aFacilitating
260 _aEngland
_bGower
_c1995
090 _c24352
_d24352
942 _aNUST-CAE
_cM
_c15950
999 _c273383
_d273383